000 00305nam a22001337a 4500
008 170707b xxu||||| |||| 00| 0 eng d
020 _a0471020746
041 _aeng
080 _23RD
_a003
100 _a23
101 _aENC
245 _aENCYCLOPEDIA OF CHEMICAL TECHNOLOGY
_cMARK,H.F
942 _2udc
_cBK
999 _c20092
_d20092